01330agaaa2200289 45000010005000000030009000050050017000140070009000310080040000400400023000800410013001031000041001161300013001572450119001702500022002892600127003113000034004385080093004725110087005655200125006525380016007775460013007936500064008067000055008707000063009257000052009886459IT-RoPAU20220918181225.0d cvaizq50131s9999||||xx ||| | || ||und|| aIT-RoPAUcIT-RoPAU aITALIANO aSofocle gCodice regista SPICS: 1149 aEDIPO RE aEDIPO REcSceneggiatura: Gassman Vittorio -- Diretto da: Sofocle pEDIPO RE (Rif. Codice opera principale : C6459) aEdizione Standard aROMA (ITALIA)bRAI - RADIO TELEVISIONE ITALIANA / Distribuzione: UNIVIDEOg"1992 (1° ed.: 1993 ; Ed. Lingua Orig.: n.d.)" aVHSbsonoro, col.c124 minuti a"Musica: Berio Luciano; Sceneggiatura: Gassman Vittorio; Scenografia: Polidori Gianni; " a"Gassman Vittorio; Mangano Riccardo; Corsini Attilio; Buazzelli Tino; Massari Lea" aTEATRO CLASSICO MODERNO. EDIPO. IL SACERDOTE. CREONTE. TIRESIA. GIOCASTA MESSO CORINZIO PASTORE. NUNZIO. TRAGEDIA GREGA. aPAL, STEREO aITALIANO aTRAGEDIAeTV-TEATRO/DANZA [VHS]xCodice MATERIA SPICS: 9961 aBerio Lucianoe(musica)gCodice Musica SPICS: 9299 aGassman Vittorio e(soggetto)gCodice Soggetto SPICS: 6231 aSofocle e(regista)gCodice regista SPICS: 1149